Detalles MARC
| 000 -LEADER |
| fixed length control field |
01985nam a2200301Ia 4500 |
| 003 - CONTROL NUMBER IDENTIFIER |
| control field |
OSt |
| 005 - DATE AND TIME OF LATEST TRANSACTION |
| control field |
20211021154805.0 |
| 008 - FIXED-LENGTH DATA ELEMENTS--GENERAL INFORMATION |
| fixed length control field |
210310s1965 mx ad fr 000 0 spa d |
| 040 ## - CATALOGING SOURCE |
| Original cataloging agency |
CO-JMCR |
| Transcribing agency |
CO-JMCR |
| 041 1# - LANGUAGE CODE |
| Language code of text/sound track or separate title |
spa |
| Language code of original |
fre |
| 082 04 - DEWEY DECIMAL CLASSIFICATION NUMBER |
| Classification number |
330.124 / |
| Item number |
B661p |
| Edition number |
23 |
| 100 1# - MAIN ENTRY--PERSONAL NAME |
| Personal name |
Bénard, Jean, |
| 9 (RLIN) |
17897 |
| Relator term |
autor |
| 245 10 - TITLE STATEMENT |
| Title |
Programación del desarrollo económico / |
| Statement of responsibility, etc. |
Jean Bénard, Nicholas Kaldor, Michael Kalecki [y otros 2] |
| 250 ## - EDITION STATEMENT |
| Edition statement |
Primera edición |
| 260 ## - PUBLICATION, DISTRIBUTION, ETC. |
| Place of publication, distribution, etc. |
México : |
| Name of publisher, distributor, etc. |
Fondo de Cultura Económica, |
| Date of publication, distribution, etc. |
1965 |
| 300 ## - PHYSICAL DESCRIPTION |
| Extent |
191 páginas : |
| Other physical details |
ilustraciones y gráficas a blanco y negro ; |
| Dimensions |
21 cm. |
| 490 0# - SERIES STATEMENT |
| Series statement |
Sección de Obras de Economía |
| 500 ## - GENERAL NOTE |
| General note |
Título original: Comptes Rendus des travaux du stage DÉtude de Sao Paulo sur la Programmation du Developpment Economique<br/>Incluye notas a pie de página. |
| 504 ## - BIBLIOGRAPHY, ETC. NOTE |
| Bibliography, etc. note |
Bibliografía al final de algunos capítulos. |
| 505 0# - FORMATTED CONTENTS NOTE |
| Title |
Funciones macroeconómicas de producción y planeación / |
| Statement of responsibility |
Jean Bénard |
| Title |
Los métodos de la planeación francesa y su adaptación a los países en vía de desarrollo / |
| Statement of responsibility |
Jean Bénard |
| Title |
El problema de la relación de precios del intercambio en los países subdesarrollados / |
| Statement of responsibility |
Nicholas Kaldor |
| Title |
Bosquejo de un método para elaborar un plan perspectivo / |
| Statement of responsibility |
Michael Kalecki |
| Title |
Problemas de financiamiento del desarrollo económico en una economía mixta / |
| Statement of responsibility |
Michael Kalecki |
| Title |
Las transferencias de capital de las zonas desarrolladas a las subdesarrolladas y sus tasas futuras de crecimiento económico / |
| Statement of responsibility |
Wassily Leontief |
| Title |
Planeación óptima / |
| Statement of responsibility |
J.Tinbergen |
| Title |
Planeación óptima (segunda parte) / |
| Statement of responsibility |
J.Tinbergen |
| 546 ## - LANGUAGE NOTE |
| Language note |
Traducido del francés. |
| 650 14 - SUBJECT ADDED ENTRY--TOPICAL TERM |
| Topical term or geographic name entry element |
Política económica |
| 9 (RLIN) |
17899 |
| General subdivision |
Congresos, conferencias, etc. |
| 650 24 - SUBJECT ADDED ENTRY--TOPICAL TERM |
| Topical term or geographic name entry element |
Desarrollo económico |
| General subdivision |
Congresos, conferencias, etc. |
| 9 (RLIN) |
41239 |
| 650 24 - SUBJECT ADDED ENTRY--TOPICAL TERM |
| Topical term or geographic name entry element |
Desarrollo social |
| General subdivision |
Congresos, conferencias, etc. |
| 9 (RLIN) |
41240 |
| 700 1# - ADDED ENTRY--PERSONAL NAME |
| Personal name |
Kaldor, Nicholas, |
| Relator term |
autor |
| 9 (RLIN) |
41241 |
| 700 1# - ADDED ENTRY--PERSONAL NAME |
| Personal name |
Kalecki, Michael, |
| Relator term |
autor |
| 9 (RLIN) |
5372 |
| 942 ## - ADDED ENTRY ELEMENTS (KOHA) |
| Source of classification or shelving scheme |
Dewey Decimal Classification |
| Koha item type |
Books |